| 000 | 00851pam a2200265 a 4500 | ||
|---|---|---|---|
| 001 | 2524922 | ||
| 005 | 20240306233923.0 | ||
| 008 | 930923s1994 enkb b 001 0 eng | ||
| 020 | _a0521418682 (hardback) | ||
| 020 | _a0521429269 (paperback) | ||
| 040 |
_aDLC _cDLC _dDLC |
||
| 082 | 0 | 0 |
_a323.4 _220 _bBIN. |
| 100 | 1 | _aAgarwal, Bina. | |
| 245 | 1 | 2 |
_aA field of one's own : _bgender and land rights in South Asia / _cBina Agarwal. |
| 260 |
_aCambridge [England] ; _aNew York, NY, USA : _bCambridge University Press, _c1994. |
||
| 300 | _axxi, 572 p. : | ||
| 650 | 0 | _aLand tenure | |
| 650 | 0 | _aLand reform | |
| 650 | 0 | _aRight of property | |
| 650 | 0 | _aWomen's rights | |
| 650 | 0 | _aRural women | |
| 856 | 4 | 2 | _uhttp://www.loc.gov/catdir/description/cam026/93037621.html |
| 856 | 4 | 1 | _uhttp://www.loc.gov/catdir/toc/cam022/93037621.html |
| 942 | _cL | ||
| 999 |
_c551 _d551 |
||